00818nam a2200241Ia 450000500170000000800410001702000150005808200180007310000310009124500690012225000190019130000430021049000260025350400270027965000310030665000350033765000310037226400500040333600270045333700330048033800280051304000350054120220317000730.0160601s2003 mx a g 000 0 spa  a968166948704a610.09 bP27d1 aPérez Tamayo, Ruyd1924-10aDe la magia primitiva a la medicina moderna cRuy Pérez Tamayo a2a. edición  a221 páginas bilustraciones c21 cm  aLa ciencia para todos aIncluye bibliografía142LEMBaMedicina xHistoria 142LEMBaEnfermedades xHistoria 142LEMB aCiencias medicas  aMéxico bFondo de Cultura Económicac2003 atextobtxt2rdacontent asin mediaciónbn2rdamedia avolumenbnc2rdacarrier aCO-BoRNBPbspaerdacCO-BoRNBP